[Event "Veterans 2018"]
[Site "Aubagne"]
[Date "2018.05.17"]
[Round "2.11"]
[White "Graells, Christian"]
[Black "Desjardins, Rene"]
[Result "0-1"]
[WhiteElo "1520"]
[BlackElo "1363"]
[PlyCount "124"]

1. e4 g6 2. d4 Bg7 3. Nf3 d6 4. Bc4 Bg4 5. O-O Nf6 6. Nbd2 a6 7. c3 b5 8. Bb3
O-O 9. Qc2 c6 10. h3 Be6 11. c4 Qc8 12. Ng5 Bh6 13. Ndf3 Bxg5 14. Nxg5 bxc4 15.
Bxc4 Bxc4 16. Qxc4 d5 17. exd5 Nxd5 18. Re1 Qd7 19. b3 a5 20. Bb2 Na6 21. Re4
Nac7 22. Rh4 Nf6 23. Qc3 Ncd5 24. Qf3 h5 25. Re1 Kg7 26. Qg3 Rab8 27. Nf3 a4
28. Ne5 Qe6 29. Bc1 axb3 30. axb3 Rb4 31. Nf3 Qf5 32. Ne5 Rb6 33. Nf3 Rxb3 34.
Re5 Qc2 35. Qg5 Rb1 36. Qh6+ Kg8 37. Re1 Nc3 38. Qd2 Rxc1 39. Qxc2 Rxc2 40.
Rxe7 Re8 41. Rc7 Ncd5 42. Rb7 Kg7 43. Ne5 Re7 44. Rb3 Rc1+ 45. Kh2 Rc2 46. f4
Ne4 47. f5 f6 48. Nxg6 Ra7 49. Rxe4 Raa2 50. Nh4 Kh6 51. Rg3 Ra7 52. Re8 Nf4
53. Ng6 Rxg2+ 54. Rxg2 Nxg2 55. Kxg2 Kg5 56. Ne7 Ra2+ 57. Kf1 Rc2 58. Rg8+ Kf4
59. Rh8 Kg5 60. Rg8+ Kf4 61. Rg6 Kf3 62. Rxf6 Rc1# 0-1

[Event "Veterans 2018"]
[Site "Aubagne"]
[Date "2018.05.17"]
[Round "2.12"]
[White "Vicari-Vento, Salvatore"]
[Black "Guidini, Rene"]
[Result "1-0"]
[WhiteElo "1362"]
[BlackElo "1464"]
[PlyCount "37"]

1. e4 c5 2. Nf3 d6 3. d4 cxd4 4. Nxd4 Nf6 5. Nc3 a6 6. Bg5 e6 7. Qd2 h6 8. Bh4
Nbd7 9. h3 Be7 10. Bg3 Qc7 11. O-O-O b5 12. Bd3 b4 13. Nb1 Rb8 14. b3 Nc5 15.
Rde1 e5 16. Nf5 Bxf5 17. exf5 e4 18. Bc4 d5 19. Bxc7 1-0

[Event "Veterans 2018"]
[Site "Aubagne"]
[Date "2018.05.17"]
[Round "2.13"]
[White "Cavanihac, Claude"]
[Black "Ulloa, Philippe"]
[Result "1-0"]
[WhiteElo "1495"]
[BlackElo "1329"]
[PlyCount "99"]

1. d4 d5 2. c4 c6 3. Nc3 h6 4. cxd5 cxd5 5. Qb3 Nf6 6. e3 a6 7. Bd3 e6 8. Nf3
Bd6 9. e4 dxe4 10. Nxe4 Nd5 11. Nxd6+ Qxd6 12. Be4 O-O 13. O-O Nd7 14. Bc2 N7f6
15. Ne5 Rb8 16. Bxh6 g6 17. Bxf8 Qxf8 18. Qg3 Nh5 19. Qg5 b5 20. Bd1 Nhf6 21.
Bf3 Nh7 22. Qg3 Rb7 23. Rac1 Nhf6 24. Rc5 Nd7 25. Nxg6 fxg6 26. Qxg6+ Kh8 27.
Qh5+ Kg8 28. Qg6+ Kh8 29. Qxe6 Nxc5 30. Qxd5 Ne6 31. Qe5+ Rg7 32. Rc1 Ng5 33.
Kf1 Nxf3 34. gxf3 Bh3+ 35. Ke2 Qe7 36. f4 Bg4+ 37. Ke3 Qh4 38. Rg1 Qh5 39. f3
Qxe5+ 40. dxe5 Be6 41. Rxg7 Kxg7 42. a3 Kg6 43. Ke4 a5 44. h4 a4 45. h5+ Kxh5
46. f5 Bb3 47. e6 Kg5 48. Ke5 Bc2 49. f4+ Kg4 50. f6 1-0

[Event "Veterans 2018"]
[Site "Aubagne"]
[Date "2018.05.17"]
[Round "2.14"]
[White "Amoros, Jean"]
[Black "Porte, Jacques"]
[Result "0-1"]
[WhiteElo "1453"]
[BlackElo "1265"]
[PlyCount "70"]

1. e4 c5 2. d4 cxd4 3. c3 d5 4. Qa4+ Nc6 5. cxd4 dxe4 6. Be3 Bd7 7. Nc3 Nf6 8.
Nge2 e6 9. Ng3 Nb4 10. Qd1 Bc6 11. a3 Nbd5 12. Ngxe4 Nxe3 13. Nxf6+ Qxf6 14.
fxe3 Qh4+ 15. g3 Qh6 16. Rg1 Qxe3+ 17. Ne2 Be7 18. Qd2 Bg5 19. Qc3 Qxc3+ 20.
bxc3 Be3 21. Rg2 Bxg2 22. Bxg2 Rb8 23. Nf4 Bxf4 24. gxf4 O-O 25. Kd2 f5 26. Kd3
Rf6 27. Rb1 Rh6 28. h3 Rg6 29. Rb2 Rg3+ 30. Kc4 Rc8+ 31. Kb4 Rcxc3 32. Bxb7 a5+
33. Kxa5 Rxa3+ 34. Kb4 Rxh3 35. Bc8 Rae3 0-1

[Event "Veterans 2018"]
[Site "Aubagne"]
[Date "2018.05.17"]
[Round "2.15"]
[White "Boudet, Nicole"]
[Black "Reynaud, Jacques"]
[Result "0-1"]
[WhiteElo "1071"]
[BlackElo "1391"]
[PlyCount "70"]

1. e4 e5 2. Nf3 d6 3. Nc3 Nf6 4. d4 exd4 5. Nxd4 Be7 6. Bc4 a6 7. h3 b5 8. Bd3
Bb7 9. Nf5 O-O 10. Nxe7+ Qxe7 11. Qf3 Nbd7 12. O-O Rfe8 13. Re1 d5 14. Bg5 Ne5
15. Qe3 Rad8 16. Bxf6 Qxf6 17. b4 d4 18. Qg3 dxc3 19. Re3 Nxd3 20. cxd3 c2 21.
Ree1 Qc3 22. Qf4 Rxd3 23. Rec1 Red8 24. Qh4 f6 25. Kh2 Rd1 26. Qf4 Qe5 27. Kg3
Qxe4 28. f3 Qe5 29. Qxe5 fxe5 30. Kh4 e4 31. fxe4 Bxe4 32. g4 h6 33. a3 g5+ 34.
Kh5 Kg7 35. a4 Bg6# 0-1

[Event "Veterans 2018"]
[Site "Aubagne"]
[Date "2018.05.17"]
[Round "2.16"]
[White "Gaudfernau, Pierre"]
[Black "Betry, Bernard"]
[Result "1/2-1/2"]
[WhiteElo "1399"]
[BlackElo "1220"]
[PlyCount "87"]

1. d4 d5 2. c4 b6 3. Nf3 Nf6 4. Bg5 g6 5. Bxf6 exf6 6. e3 Bg7 7. Nc3 Bb7 8. Be2
O-O 9. O-O Re8 10. Qb3 c6 11. Rad1 a6 12. Na4 Nd7 13. c5 Rb8 14. Nxb6 Bc8 15.
Qa4 Nxb6 16. cxb6 Rxb6 17. b3 Qd6 18. Qa5 Qb4 19. Qxb4 Rxb4 20. Rc1 Rb6 21. Nd2
f5 22. a4 a5 23. Rc5 Bf8 24. Rxa5 Bb4 25. Ra8 Bxd2 26. a5 Bxa5 27. Rxa5 Bb7 28.
Ra3 f4 29. b4 Rxb4 30. h4 Rb2 31. Ba6 Ra8 32. Rfa1 Rb8 33. Bd3 Bc8 34. exf4 f5
35. Kh2 Rxf2 36. Ra8 Rfb2 37. Rxb8 Rxb8 38. Re1 Kg7 39. Re7+ Kf6 40. Rxh7 Rb3
41. Be2 Re3 42. Bd1 Ba6 43. Rh6 Re4 44. Bh5 1/2-1/2

[Event "Veterans 2018"]
[Site "Aubagne"]
[Date "2018.05.17"]
[Round "2.17"]
[White "Masson, Wally"]
[Black "Periale, Albert"]
[Result "1-0"]
[WhiteElo "1150"]
[BlackElo "1297"]
[PlyCount "49"]

1. e4 c5 2. Nf3 d6 3. Nc3 e6 4. Bc4 Nc6 5. O-O Nf6 6. d4 d5 7. exd5 exd5 8.
Re1+ Be7 9. Bb5 O-O 10. Bxc6 bxc6 11. b3 Bg4 12. Qd3 Bxf3 13. Qxf3 cxd4 14. Ne2
c5 15. Bg5 Rc8 16. Nf4 Re8 17. Re5 Rc7 18. Nxd5 Nxd5 19. Rxd5 Rd7 20. Bxe7
Rexe7 21. Rxc5 Qe8 22. Qd1 d3 23. cxd3 Rxd3 24. Qxd3 Re1+ 25. Rxe1 1-0

[Event "Veterans 2018"]
[Site "Aubagne"]
[Date "2018.05.17"]
[Round "2.18"]
[White "Rocchia, Alex"]
[Black "Olive, Alain"]
[Result "1/2-1/2"]
[WhiteElo "1275"]
[BlackElo "1182"]
[PlyCount "94"]

1. e4 b6 2. d4 Bb7 3. Nc3 Nf6 4. Bd3 d5 5. e5 Ne4 6. Nge2 Nxc3 7. Nxc3 e6 8.
Bd2 Nd7 9. O-O c5 10. Be3 h5 11. Be2 g6 12. Qd2 Be7 13. Bb5 Qc7 14. Bxd7+ Qxd7
15. Ne2 O-O-O 16. Rfc1 c4 17. b3 Ba6 18. a4 Kb7 19. b4 Ka8 20. b5 Bb7 21. c3 f5
22. Qb2 h4 23. a5 Qc7 24. Ra2 Kb8 25. Rca1 Kc8 26. Nf4 Kd7 27. Nh3 Ra8 28. a6
Bc8 29. Ng5 Rf8 30. Nh3 Qd8 31. Qd2 Rg8 32. Bg5 Bxg5 33. Nxg5 Kc7 34. Qf4 Bd7
35. Rb2 Rh8 36. Nf7 Qe7 37. Nxh8 Rxh8 38. Qc1 g5 39. f4 g4 40. Qb1 Qf8 41. Raa2
Be8 42. Kf1 Qh6 43. Qc1 Bh5 44. Ke1 Rg8 45. Ra1 g3 46. h3 Bf3 47. Qe3 Be4
1/2-1/2

[Event "Veterans 2018"]
[Site "Aubagne"]
[Date "2018.05.17"]
[Round "2.19"]
[White "Autouard, Jean-Luc"]
[Black "Sirvente, Jean-Jacques"]
[Result "1-0"]
[WhiteElo "1240"]
[BlackElo "1090"]
[PlyCount "37"]

1. e4 e5 2. Nf3 d6 3. Bc4 Nf6 4. d3 d5 5. exd5 Nxd5 6. O-O Nc6 7. d4 e4 8. Ne5
Be6 9. Qe2 f6 10. Qh5+ g6 11. Nxg6 Rg8 12. Ne5+ Ke7 13. Qxh7+ Rg7 14. Nxc6+
bxc6 15. Qxe4 Qe8 16. Nc3 Rd8 17. f4 Qg6 18. f5 Qg4 19. Qxe6# 1-0

[Event "Veterans 2018"]
[Site "Aubagne"]
[Date "2018.05.24"]
[Round "3.1"]
[White "Roman, Sylvian"]
[Black "Moncamp, Gilles"]
[Result "0-1"]
[WhiteElo "1375"]
[BlackElo "2107"]
[PlyCount "56"]

1. e4 e5 2. Nf3 Nc6 3. Bb5 a6 4. Ba4 d6 5. O-O Bg4 6. c3 b5 7. Bc2 Qf6 8. d3
Nge7 9. Bg5 Bxf3 10. Bxf6 Bxd1 11. Bxd1 gxf6 12. f4 Bh6 13. f5 Be3+ 14. Kh1
O-O-O 15. Na3 d5 16. Nc2 Bb6 17. Bf3 d4 18. Be2 Rhg8 19. a3 Rg5 20. Rf2 dxc3
21. Rf3 cxb2 22. Rb1 Nd4 23. Nxd4 Bxd4 24. Bd1 Rdg8 25. g3 h5 26. Bb3 h4 27.
Bxf7 hxg3 28. Rxg3 Rxg3 0-1

[Event "Veterans 2018"]
[Site "Aubagne"]
[Date "2018.05.24"]
[Round "3.2"]
[White "Cescon, Moreno"]
[Black "Vicari-Vento, Salvatore"]
[Result "1-0"]
[WhiteElo "1782"]
[BlackElo "1373"]
[PlyCount "61"]

1. e4 c5 2. Nc3 d6 3. f4 Nf6 4. Nf3 a6 5. a4 e6 6. Be2 Be7 7. O-O O-O 8. e5
dxe5 9. fxe5 Nd5 10. Nxd5 Qxd5 11. c3 Nc6 12. d4 b6 13. c4 Qd8 14. d5 exd5 15.
cxd5 Nd4 16. Nxd4 cxd4 17. d6 Bg5 18. Qxd4 Bxc1 19. Raxc1 Ra7 20. a5 Ra8 21.
axb6 Rb8 22. Rc7 Rb7 23. Bxa6 Rxc7 24. bxc7 Qd7 25. Bxc8 Qxc8 26. b4 Qd7 27.
Qc5 g6 28. b5 Kg7 29. b6 f6 30. exf6+ Kh8 31. b7 1-0

[Event "Veterans 2018"]
[Site "Aubagne"]
[Date "2018.05.24"]
[Round "3.3"]
[White "Desjardins, Rene"]
[Black "Blanc, Michel"]
[Result "0-1"]
[WhiteElo "1363"]
[BlackElo "1615"]
[PlyCount "92"]

1. e4 c6 2. Nc3 d5 3. d3 dxe4 4. dxe4 Qxd1+ 5. Nxd1 e5 6. Nc3 Be6 7. Nf3 Nd7 8.
Be3 f6 9. Bd3 Bc5 10. Bxc5 Nxc5 11. O-O Nxd3 12. cxd3 Ne7 13. Na4 b6 14. b3 O-O
15. Nh4 Rfd8 16. Nb2 c5 17. f4 Nc6 18. f5 Bf7 19. g4 Nb4 20. Nf3 Nxd3 21. Nxd3
Rxd3 22. g5 Rad8 23. gxf6 gxf6 24. Rf2 Kh8 25. h3 Bh5 26. Raf1 Bxf3 27. Rxf3
Rxf3 28. Rxf3 Kg7 29. Kg2 Rd4 30. Rg3+ Kf7 31. Re3 Rd2+ 32. Kg3 Rxa2 33. Rd3
Ke7 34. Kg4 Re2 35. Kf3 Re1 36. Re3 Rxe3+ 37. Kxe3 Kd6 38. Kd3 a5 39. Kc4 Kc6
40. h4 h5 41. Kc3 Kb5 42. Kb2 Kb4 43. Ka2 b5 44. Kb2 c4 45. bxc4 Kxc4 46. Ka3
Kd4 0-1

[Event "Veterans 2018"]
[Site "Aubagne"]
[Date "2018.05.24"]
[Round "3.4"]
[White "Porte, Jacques"]
[Black "Hidreau, Olivier"]
[Result "1-0"]
[WhiteElo "1265"]
[BlackElo "1390"]
[PlyCount "103"]

1. d4 Nf6 2. Nf3 g6 3. c4 d5 4. Nc3 Bg7 5. Bg5 Be6 6. e3 dxc4 7. Qa4+ Nbd7 8.
Bxc4 Bxc4 9. Qxc4 Nb6 10. Qd3 c6 11. O-O O-O 12. Rad1 Nfd5 13. Nxd5 Nxd5 14. e4
Nb4 15. Qb3 a5 16. a3 h6 17. Bc1 Na6 18. Qxb7 Qc7 19. Qxc7 Nxc7 20. a4 e6 21.
Bf4 Na6 22. Bd6 Rfd8 23. e5 Rd7 24. Rc1 Rc8 25. Rfd1 Nb4 26. Bxb4 axb4 27. Rc5
Bf8 28. Rc2 Rd5 29. Rdc1 c5 30. b3 Be7 31. h4 Kf8 32. Rc4 Ke8 33. Rxb4 Kd8 34.
Rbc4 Rb8 35. R1c3 cxd4 36. Rxd4 Rxd4 37. Nxd4 Kd7 38. g3 Rc8 39. Rxc8 Kxc8 40.
Kf1 Kc7 41. Ke2 Kb6 42. Kd3 Bb4 43. Kc4 Be1 44. b4 Bxf2 45. a5+ Ka6 46. Nc6
Bxg3 47. b5+ Kb7 48. a6+ Kc8 49. b6 Bf2 50. b7+ Kd7 51. b8=Q Kxc6 52. Qb7# 1-0

[Event "Veterans 2018"]
[Site "Aubagne"]
[Date "2018.05.24"]
[Round "3.5"]
[White "Derien, Robert"]
[Black "Strate, Francois"]
[Result "1/2-1/2"]
[WhiteElo "1557"]
[BlackElo "1412"]
[PlyCount "77"]

1. e4 e6 2. d4 d5 3. Nd2 c5 4. c3 cxd4 5. cxd4 dxe4 6. Nxe4 Nf6 7. Nc3 Nc6 8.
Nf3 Be7 9. Be2 O-O 10. O-O a6 11. a3 Qc7 12. h3 b5 13. b4 Bb7 14. Be3 Rfd8 15.
Qc2 Rac8 16. Rac1 h6 17. Rfd1 Bf8 18. Qb2 Qd7 19. Ne5 Qe7 20. Bf3 Nxe5 21. Bxb7
Nc4 22. Qa1 Qxb7 23. d5 exd5 24. Rd4 Nxe3 25. fxe3 Ne4 26. Ne2 Rxc1+ 27. Qxc1
Bd6 28. Qd1 Be5 29. Rxe4 dxe4 30. Qxd8+ Kh7 31. Nd4 Bxd4 32. Qxd4 Qc6 33. Qc5
Qf6 34. Qd4 Qe6 35. Qc3 f5 36. Kh2 Qd6+ 37. Kg1 Qb6 38. Qd4 Qe6 39. Qc3 1/2-1/2

[Event "Veterans 2018"]
[Site "Aubagne"]
[Date "2018.05.24"]
[Round "3.6"]
[White "Rouaud, Robert"]
[Black "Colandrea, Sauveur"]
[Result "0-1"]
[WhiteElo "1364"]
[BlackElo "1737"]
[PlyCount "103"]

1. e4 c5 2. Bc4 e6 3. d3 a6 4. a3 b5 5. Ba2 Bb7 6. Bf4 d6 7. Nd2 Qf6 8. Bg3
Qxb2 9. Ngf3 Nc6 10. O-O Nf6 11. Bb3 Be7 12. h3 O-O 13. a4 Nh5 14. Bh2 Qf6 15.
Re1 Ne5 16. Nxe5 dxe5 17. Qxh5 Bd6 18. Qf3 Qe7 19. Qg4 g6 20. h4 h6 21. Nf3 Qf6
22. Bg3 Rac8 23. h5 g5 24. Bh4 Kh8 25. Bg3 Bc6 26. Nd2 Qg7 27. Rf1 f5 28. Qe2
Rfe8 29. Bh2 g4 30. Bg3 Qg5 31. f3 f4 32. Be1 g3 33. Bxg3 fxg3 34. f4 exf4 35.
Qf3 Be5 36. Rfd1 Bxa1 37. Rxa1 Qe5 38. Rb1 Qd4+ 39. Kf1 Qe3 40. Qxe3 fxe3 41.
Nf3 bxa4 42. Bc4 Rb8 43. Ba2 Rxb1+ 44. Bxb1 Rb8 45. Ba2 Rb2 46. Bxe6 Rxc2 47.
Bg4 a3 48. Ne1 Rf2+ 49. Kg1 e2 50. Bxe2 Rxe2 51. Kf1 Rxe1+ 52. Kxe1 0-1

[Event "Veterans 2018"]
[Site "Aubagne"]
[Date "2018.05.24"]
[Round "3.7"]
[White "Ulloa, Philippe"]
[Black "Pierrugues, Laurent"]
[Result "0-1"]
[WhiteElo "1329"]
[BlackElo "1768"]
[PlyCount "118"]

1. d4 Nf6 2. c4 g6 3. Nc3 Bg7 4. e4 d6 5. h3 O-O 6. Nf3 e5 7. d5 a5 8. Bd3 Na6
9. Be3 Nh5 10. Qd2 f5 11. Bg5 Qe8 12. Bh6 f4 13. Bxg7 Kxg7 14. Be2 Nf6 15. Bd1
Bd7 16. Bc2 h6 17. a3 Nc5 18. O-O Qe7 19. b4 axb4 20. axb4 Na6 21. Ra2 Nxb4 22.
Rxa8 Rxa8 23. Bb1 b6 24. Qb2 Na6 25. Bc2 Nc5 26. Ne2 g5 27. Nd2 Qe8 28. f3 Qc8
29. Kh2 Qa6 30. Rb1 Qa3 31. Nc1 Qe3 32. Ncb3 Nxb3 33. Nf1 Qf2 34. Bxb3 Qh4 35.
Kg1 h5 36. Qf2 Qxf2+ 37. Kxf2 g4 38. h4 Ra3 39. Nd2 Ba4 40. Rb2 g3+ 41. Ke2 Nd7
42. Bxa4 Rxa4 43. Nb1 Rxc4 44. Ra2 Nf6 45. Ra8 Rc2+ 46. Nd2 Rc1 47. Nf1 Kf7 48.
Ra2 Ke7 49. Rd2 b5 50. Rd1 Rxd1 51. Kxd1 Kd7 52. Kc2 c5 53. Nd2 Ng8 54. Nb3 Ne7
55. Na5 Ng6 56. Nc6 Nxh4 57. Na7 Nxg2 58. Nxb5 Ne3+ 59. Kd2 g2 0-1

[Event "Veterans 2018"]
[Site "Aubagne"]
[Date "2018.05.24"]
[Round "3.8"]
[White "Battaglia, Gerard"]
[Black "Cotton, Paul"]
[Result "1-0"]
[WhiteElo "1749"]
[BlackElo "1386"]
[PlyCount "49"]

1. d4 Nf6 2. c4 g6 3. Nc3 Bg7 4. e4 d6 5. f4 O-O 6. Be2 Nbd7 7. Nf3 c5 8. d5 a6
9. a4 Nb6 10. O-O e6 11. a5 Nbd7 12. dxe6 fxe6 13. Qxd6 Qe8 14. e5 Ng4 15. Ng5
Nh6 16. Nxe6 Nf5 17. Qd5 Ne7 18. Qd1 Rb8 19. Nxf8 Qxf8 20. Bg4 Nf5 21. Qd5+ Kh8
22. Ne4 b6 23. Bxf5 Qxf5 24. Nd6 h6 25. Nxf5 1-0

[Event "Veterans 2018"]
[Site "Aubagne"]
[Date "2018.05.24"]
[Round "3.9"]
[White "Kleitz, Michel"]
[Black "Autouard, Jean-Luc"]
[Result "1-0"]
[WhiteElo "1720"]
[BlackElo "1240"]
[PlyCount "73"]

1. d4 f5 2. e4 fxe4 3. Nc3 d5 4. Be2 Nf6 5. Bg5 Nbd7 6. Nh3 e6 7. Nf4 Kf7 8.
Bg4 Nb6 9. f3 Be7 10. Bxf6 Bxf6 11. O-O Nc4 12. b3 Ne3 13. Qd2 Nxf1 14. Rxf1
Rf8 15. fxe4 c6 16. e5 Ke7 17. exf6+ Rxf6 18. Bf3 Qf8 19. Nd3 b6 20. Re1 Qe8
21. Ne5 Bb7 22. Ne2 a5 23. Qg5 Kf8 24. Nf4 Qe7 25. Qg4 Kg8 26. g3 Qb4 27. Nfd3
Qd2 28. Re2 Qd1+ 29. Kg2 Raf8 30. Rf2 Rxf3 31. Nxf3 Bc8 32. Nfe5 Ba6 33. Qxe6+
Kh8 34. Nf7+ Kg8 35. Nh6+ Kh8 36. Qg8+ Rxg8 37. Nf7# 1-0

[Event "Veterans 2018"]
[Site "Aubagne"]
[Date "2018.05.24"]
[Round "3.10"]
[White "Lognos, Lina"]
[Black "Deregnaucourt, Yves"]
[Result "0-1"]
[WhiteElo "1004"]
[BlackElo "1664"]
[PlyCount "120"]

1. Nf3 Nf6 2. c4 c5 3. Nc3 Nc6 4. e3 e5 5. Be2 d6 6. O-O Be7 7. a3 h6 8. b4
cxb4 9. axb4 Nxb4 10. Qa4+ Nc6 11. Ba3 Bd7 12. Qb3 b6 13. h3 O-O 14. Rfb1 Na5
15. Qa2 Rc8 16. Bb4 Nc6 17. Ba3 Be6 18. Bb4 b5 19. Nxb5 Nxb4 20. Rxb4 d5 21.
Ra4 dxc4 22. Nxa7 c3 23. Qc2 Rc7 24. Nb5 Rc5 25. Ra8 Qxa8 26. Rxa8 Rxa8 27.
Nxc3 Ra1+ 28. Bd1 g6 29. Qb2 Rca5 30. Qb8+ Kg7 31. Qb7 Bd6 32. Kh2 e4+ 33. g3
exf3 34. Qxf3 Nd5 35. e4 Nxc3 36. Qxc3+ Be5 37. Qf3 R5a3 38. d3 h5 39. Qe2 h4
40. Kg2 hxg3 41. fxg3 R3a2 42. Bc2 Rc1 43. Kf3 Rcxc2 44. Qe3 Rf2+ 45. Qxf2
Rxf2+ 46. Kxf2 Bxh3 47. Kf3 Kf6 48. g4 Kg5 49. Ke3 Bxg4 50. d4 Bf4+ 51. Kd3 Be6
52. d5 Bd7 53. Kd4 Kf6 54. Kc5 g5 55. d6 Ke6 56. e5 g4 57. Kd4 g3 58. Ke4 g2
59. Kxf4 g1=Q 60. Ke4 Qg4+ 0-1

[Event "Veterans 2018"]
[Site "Aubagne"]
[Date "2018.05.24"]
[Round "3.11"]
[White "Thiers, Jean-Jacques"]
[Black "Pietrac, Christian"]
[Result "1-0"]
[WhiteElo "1606"]
[BlackElo "1242"]
[PlyCount "97"]

1. e4 g6 2. d4 e6 3. Nf3 Bg7 4. Bf4 Ne7 5. c3 O-O 6. Be2 d6 7. Nbd2 Nd7 8. O-O
c5 9. Bxd6 cxd4 10. cxd4 Nb6 11. Bc5 Bd7 12. Nc4 Nxc4 13. Bxc4 Re8 14. Rc1 Bc6
15. Re1 b6 16. Bb4 a5 17. Bxe7 Rxe7 18. Rc2 b5 19. Bf1 Rc8 20. b3 Rd7 21. Rd2
Rb8 22. h3 g5 23. g4 f6 24. Re3 Bf8 25. Rc3 Bxe4 26. Bg2 Bxf3 27. Rxf3 Kg7 28.
Rfd3 Rb6 29. Qe2 Bb4 30. Rd1 Qc7 31. Qe4 Qd8 32. d5 e5 33. Qf5 Rbd6 34. Be4 Kg8
35. Kg2 Bc5 36. h4 gxh4 37. Rh1 Qf8 38. Rxh4 h6 39. Rdh3 Rg7 40. Rxh6 Kf7 41.
Rh8 Rg8 42. Qh7+ Ke8 43. Rxg8 Rd7 44. Rxf8+ Bxf8 45. Qf5 Rd6 46. Rh7 Kd8 47.
Rh8 Ke7 48. Qh7+ Ke8 49. Bg6+ 1-0

[Event "Veterans 2018"]
[Site "Aubagne"]
[Date "2018.05.24"]
[Round "3.13"]
[White "Lassalle, Marc"]
[Black "Masson, Wally"]
[Result "1-0"]
[WhiteElo "1405"]
[BlackElo "1150"]
[PlyCount "77"]

1. d4 d5 2. Bf4 e6 3. e3 Nf6 4. c4 Bb4+ 5. Nc3 O-O 6. Bg5 c6 7. Bd3 Qa5 8. Nge2
Ne4 9. Bxe4 dxe4 10. O-O f5 11. c5 b6 12. a3 Bxc3 13. Nxc3 bxc5 14. Be7 Rf7 15.
Bxc5 Nd7 16. b4 Qd8 17. Qb3 Qf6 18. f3 Ba6 19. Rf2 Bd3 20. fxe4 Qg6 21. exf5
exf5 22. e4 fxe4 23. Re1 Nf6 24. d5 e3 25. Rf3 cxd5 26. Nxd5 Nxd5 27. Qxd5 Be4
28. Qxf7+ Qxf7 29. Rxf7 Kxf7 30. Rxe3 Bf5 31. Re7+ Kg6 32. Rxa7 Rxa7 33. Bxa7
Bc8 34. b5 Bb7 35. a4 Kf7 36. a5 Ke7 37. a6 Bd5 38. b6 Kd7 39. b7 1-0

[Event "Veterans 2018"]
[Site "Aubagne"]
[Date "2018.05.24"]
[Round "3.14"]
[White "Reynaud, Jacques"]
[Black "Gaudfernau, Pierre"]
[Result "1-0"]
[WhiteElo "1391"]
[BlackElo "1245"]
[PlyCount "95"]

1. Nf3 d5 2. d4 Nf6 3. c4 e6 4. Bg5 Be7 5. Nc3 Ne4 6. Bxe7 Qxe7 7. e3 Nxc3 8.
bxc3 c5 9. Bd3 Bd7 10. O-O a6 11. Qb3 Bc6 12. Ne5 O-O 13. f4 Nd7 14. Nxc6 bxc6
15. Qa4 cxd4 16. cxd4 dxc4 17. Qxc4 c5 18. Rf3 cxd4 19. Rh3 h6 20. exd4 Rfc8
21. Qa4 Qd6 22. f5 Nb6 23. Qd1 Qxd4+ 24. Kh1 Rd8 25. fxe6 fxe6 26. Rb1 Na4 27.
Qf3 Qxd3 28. Qxd3 Rxd3 29. Rxd3 Nc5 30. Rd6 Kf7 31. Rc1 Ne4 32. Rd7+ Kf6 33.
Rcc7 Rb8 34. h3 Ng3+ 35. Kg1 Rb1+ 36. Kf2 Ne4+ 37. Ke3 Re1+ 38. Kf4 g5+ 39. Kf3
h5 40. g4 h4 41. Rc2 Ng3 42. Ra7 Rf1+ 43. Rf2 Rxf2+ 44. Kxf2 Ne4+ 45. Ke3 Nc5
46. Kd4 Na4 47. Rxa6 Nb2 48. a4 1-0

[Event "Veterans 2018"]
[Site "Aubagne"]
[Date "2018.05.24"]
[Round "3.15"]
[White "Betry, Bernard"]
[Black "Rocchia, Alex"]
[Result "0-1"]
[WhiteElo "1220"]
[BlackElo "1275"]
[PlyCount "120"]

1. Nf3 d5 2. d4 c5 3. g3 cxd4 4. Bg2 Nf6 5. Nxd4 e6 6. Bg5 Be7 7. O-O O-O 8.
Nc3 Bd7 9. a3 Nc6 10. e3 a6 11. b4 Qc8 12. Qd3 Ne8 13. Bxe7 Nxe7 14. a4 Nd6 15.
Nce2 Nc6 16. Nxc6 Bxc6 17. Nf4 Nc4 18. Qc3 Bd7 19. Rfe1 Nb6 20. Qxc8 Rfxc8 21.
a5 Na4 22. Rac1 Nc3 23. Ra1 Rc4 24. Nd3 Rb8 25. Bf1 Rc7 26. Nc5 Nb5 27. Bxb5
Bxb5 28. Rac1 Bc4 29. c3 Rc6 30. e4 b6 31. axb6 Rcxb6 32. Ra1 Rc6 33. f4 Ra8
34. exd5 Bxd5 35. Red1 a5 36. f5 Rcc8 37. Ra4 axb4 38. cxb4 Rxa4 39. Nxa4 Bb3
40. Nb6 Rb8 41. Rd6 exf5 42. Kf2 h6 43. h4 Kh7 44. h5 Re8 45. Nd7 Ba4 46. Nb6
Bb3 47. Kf3 Re6 48. Rd7 Rxb6 49. Rd3 Rxb4 50. Ke3 Be6 51. Rd4 Rxd4 52. Kxd4 g6
53. hxg6+ fxg6 54. Ke5 Ba2 55. Kf6 Bb1 56. Ke5 h5 57. Kf6 Kh6 58. Kf7 g5 59.
Kf6 h4 60. gxh4 gxh4 0-1

[Event "Veterans 2018"]
[Site "Aubagne"]
[Date "2018.04.24"]
[Round "3.16"]
[White "Olive, Alain"]
[Black "Boudet, Nicole"]
[Result "1-0"]
[WhiteElo "1182"]
[BlackElo "1071"]
[PlyCount "151"]

1. e3 e5 2. a3 Nc6 3. b4 a6 4. Bc4 d5 5. Bb3 Be6 6. c3 Nf6 7. f3 Be7 8. g4 h6
9. Ne2 O-O 10. Ng3 Qd7 11. O-O Rad8 12. Bb2 b5 13. d3 a5 14. Nd2 a4 15. Ba2 Na7
16. Qc2 c5 17. Rad1 Nc6 18. Bb1 d4 19. Nh5 Nxh5 20. gxh5 Bh3 21. Rf2 Bh4 22.
Re2 Qf5 23. bxc5 Qg5+ 24. Kh1 Qxh5 25. Rg1 g6 26. c4 b4 27. Qxa4 Ne7 28. c6 Nf5
29. c7 Rc8 30. Qa5 Rfe8 31. axb4 dxe3 32. Qd5 Rxc7 33. Bxe5 Rec8 34. Bg3 Bxg3
35. Rxg3 Nxg3+ 36. hxg3 Bf5+ 37. Rh2 Qg5 38. Ne4 Bxe4 39. Qxg5 hxg5 40. fxe4
Ra8 41. Ba2 Re7 42. Re2 Rea7 43. Bb3 Ra1+ 44. Kg2 R8a3 45. Bc2 g4 46. Rxe3 f5
47. exf5 gxf5 48. Re8+ Kf7 49. Re5 Kf6 50. d4 R3a2 51. Rxf5+ Kg6 52. Rf2+ Kg5
53. Rf5+ Kg6 54. Ra5+ Kh6 55. Rxa2 Re1 56. Ra6+ Kg5 57. Bd3 Rd1 58. Rg6+ Kh5
59. Be2 Rxd4 60. Bxg4+ Kxg6 61. Be2 Kg5 62. b5 Rd2 63. Kf2 Rd6 64. c5 Rf6+ 65.
Ke1 Rf8 66. c6 Rc8 67. Bf3 Re8+ 68. Kd2 Rd8+ 69. Kc3 Kf6 70. b6 Ke7 71. c7 Kd7
72. Kc4 Kc8 73. cxd8=Q+ Kxd8 74. Kc5 Kc8 75. Kc6 Kd8 76. g4 1-0

[Event "Veterans 2018"]
[Site "Aubagne"]
[Date "2018.05.24"]
[Round "3.17"]
[White "Periale, Albert"]
[Black "Bertrand, Frederic"]
[Result "0-1"]
[WhiteElo "1297"]
[BlackElo "1579"]
[PlyCount "94"]

1. d4 Nf6 2. Nf3 g6 3. c3 Bg7 4. Bf4 d6 5. Nbd2 c5 6. e3 O-O 7. Be2 cxd4 8.
exd4 Re8 9. O-O Nc6 10. h3 Nd5 11. Bh2 e5 12. Bc4 Nb6 13. d5 Na5 14. b3 Naxc4
15. bxc4 Qc7 16. Qb3 Bf5 17. Rfe1 Bd3 18. c5 Qxc5 19. Ne4 Qc7 20. Nfd2 h6 21.
f3 f5 22. Nf2 Bc4 23. Nxc4 Qxc4 24. Qxc4 Nxc4 25. Rab1 b6 26. Kh1 Rac8 27. Nd1
Rc5 28. Bg1 Rxd5 29. Ne3 Nxe3 30. Bxe3 Rd3 31. c4 Rc3 32. Rbc1 Rxc1 33. Rxc1
Kf7 34. Rd1 Ke6 35. g3 Rc8 36. Rc1 Kd7 37. a4 d5 38. cxd5 Rxc1+ 39. Bxc1 Kd6
40. Kg2 Kxd5 41. Be3 e4 42. f4 Bd4 43. Kf2 Bxe3+ 44. Kxe3 Kc4 45. g4 a6 46. g5
h5 47. h4 Kc3 0-1

[Event "Veterans 2018"]
[Site "Aubagne"]
[Date "2018.05.24"]
[Round "3.18"]
[White "Sirvente, Jean-Jacques"]
[Black "Graells, Christian"]
[Result "0-1"]
[WhiteElo "1090"]
[BlackElo "1520"]
[PlyCount "56"]

1. e4 e5 2. Nf3 Nc6 3. Bc4 Bc5 4. d3 Nf6 5. Bg5 O-O 6. Nc3 a6 7. O-O b5 8. Bb3
Na5 9. Nd5 Be7 10. Qd2 d6 11. h3 Nxb3 12. cxb3 Bb7 13. Nxf6+ Bxf6 14. Rac1 Rc8
15. Rfe1 Be7 16. Qe3 c5 17. Bxe7 Qxe7 18. Ng5 f5 19. Qg3 Rf6 20. Qh4 Rh6 21.
Qg3 f4 22. Qg4 Rf8 23. Kh1 Bc8 24. Qf3 Qxg5 25. Rg1 Bg4 26. Qxg4 Qxg4 27. f3
Rxh3+ 28. gxh3 Qxh3# 0-1

[Event "Veterans 2018"]
[Site "Aubagne"]
[Date "2018.05.24"]
[Round "3.19"]
[White "Marku, Demeter"]
[Black "Amoros, Jean"]
[Result "1-0"]
[WhiteElo "1510"]
[BlackElo "1453"]
[PlyCount "69"]

1. e4 d5 2. exd5 Nf6 3. c4 e6 4. dxe6 Bxe6 5. Be2 Bc5 6. Nf3 Nc6 7. O-O Qd7 8.
Nc3 O-O-O 9. a3 a6 10. b4 Ba7 11. b5 axb5 12. cxb5 Na5 13. Rb1 Bb6 14. Na4 Kb8
15. Nxb6 cxb6 16. d3 Nd5 17. Bb2 f6 18. Qd2 Rc8 19. Nd4 Bf7 20. h3 h5 21. Bf3
Nc7 22. Be4 Ne6 23. Bf5 Qd6 24. Nxe6 Bxe6 25. Bxe6 Qxe6 26. Rfe1 Qd5 27. Re7
Nc4 28. Qf4+ Nd6 29. Rbe1 Ka7 30. Rxg7 Nxb5 31. Ree7 Nd6 32. Bxf6 Rhf8 33. Qa4+
Kb8 34. Be5 b5 35. Bxd6+ 1-0